Ponitrie, Požitavie a dolné Pohronie

Tri slovenské regióny, ktoré majú do značnej miery spoločnú históriu a najmä krajinársky sú veľmi podobné. Mestá, obce týchto regiónov, pamätihodnosti a pozoruhodnosti.

Gespeichert in:
Bibliographische Detailangaben
1. Verfasser: Lacika, Ján
Format: Buchkapitel
Sprache:Slowakisch
Schlagworte:
Tags: Tag hinzufügen
Keine Tags, Fügen Sie das erste Tag hinzu!

MARC

LEADER 00000naa a2200000 4500
001 0196203
005 20231208111130.1
041 0 |a slo 
044 |a SK 
245 1 0 |a Ponitrie, Požitavie a dolné Pohronie  |c Ján Lacika 
520 |a Tri slovenské regióny, ktoré majú do značnej miery spoločnú históriu a najmä krajinársky sú veľmi podobné. Mestá, obce týchto regiónov, pamätihodnosti a pozoruhodnosti. 
610 2 0 |a geografia 
610 2 0 |a regióny 
610 2 0 |a Slovensko 
610 2 0 |a informácie geografické 
610 2 0 |a mestá 
610 2 0 |a obce 
100 1 |a Lacika, Ján